| Tag |
First Indicator |
Second Indicator |
Subfields |
| LEADER |
00000cam a2200000 4500 |
| 001 |
in00000489313 |
| 005 |
20151013053038.0 |
| 008 |
700820r19691948nyuc b 00100beng |
| 010 |
|
|
|a 69018568
|
| 035 |
|
|
|a (OCoLC)00091365
|
| 035 |
|
|
|9 ACB7891AM
|
| 040 |
|
|
|a DLC
|c DLC
|d TXA
|d UtOrBLW
|
| 049 |
|
|
|a TXAM
|c [1184161]
|
| 050 |
0 |
0 |
|a E185.97.H8
|b T6 1969
|
| 082 |
0 |
|
|a 378.1/1/0924
|
| 100 |
1 |
|
|a Torrence, Ridgely,
|d 1875-1950.
|
| 245 |
1 |
4 |
|a The story of John Hope.
|
| 264 |
|
1 |
|a New York :
|b Arno Press,
|c 1969.
|
| 300 |
|
|
|a 398 pages :
|b portrait ;
|c 23 cm.
|
| 336 |
|
|
|a text
|b txt
|2 rdacontent
|
| 337 |
|
|
|a unmediated
|b n
|2 rdamedia
|
| 338 |
|
|
|a volume
|b nc
|2 rdacarrier
|
| 490 |
1 |
|
|a The American Negro, his history and literature
|
| 500 |
|
|
|a Reprint of the 1948 edition.
|
| 504 |
|
|
|a Bibliography: pages 379-380.
|
| 600 |
1 |
0 |
|a Hope, John,
|d 1868-1936.
|
| 830 |
|
0 |
|a American Negro, his history and literature.
|
| 999 |
|
|
|a MARS
|
| 999 |
f |
f |
|s 863e547a-01e1-3329-88c3-eb21bf4a5924
|i d2b58bad-e4fe-3f30-af71-37879528d661
|t 0
|
| 952 |
f |
f |
|p ric
|a Texas A&M University
|b Rellis Campus
|c Joint Library Facility
|d Remote Storage
|t 0
|e E185.97.H8 T6 1969
|h Library of Congress classification
|i unmediated -- volume
|m A14802194496
|
| 998 |
f |
f |
|a E185.97.H8 T6 1969
|t 0
|l Remote Storage
|